000 00635nam a2200205Ii 4500
003 JO-AjNU
008 230605s9999||||xx |||||||||||||| ||und||
040 _aJO-AjNU
_bara
_erda
_cJO-AjNU
041 _aara
050 1 4 _aPJ7814.M564.W3 1981
100 3 _aتاليف الأمين،أحمد محمد,
_eauthor
_919940
245 0 0 _aالموج والصخر: رواية
250 _aط1
264 3 1 _aبيروت:دار البحار،1985
300 _a197ص
336 _atext
_btxt
_2rdacontent
337 _aunmediated
_bn
_2rdamedia
338 _avolume
_bnc
_2rdacarrier
650 4 _aالأدب العربي - روايات
_919941
999 _aA6670
_c10238
_d10238